000 01802cam a2200289 4500500
005 20260426025724.0
041 _afre
042 _adc
100 1 0 _aCady, Patrick
_eauthor
245 0 0 _aMal voyant mal pensant.
260 _c2005.
500 _a90
520 _aA partir du trouble de pensée de Freud face au Moïse de Michel-Ange, on peut se demander si sa reconnaissance de l’interdit judaïque de représentation comme promotion décisive de la pensée contre laquelle l’idolâtrie serait le mal absolu, n’est pas en contradiction avec son expérience. Si cette contradiction exprime le métissage culturel dont son œuvre est nourrie, le refus d’un tel métissage n’est-il pas le véritable mal qui guette notre pensée ?
520 _aShortsighted and Ill Thinking Freud’s ideas on contemplating Michelangelo’s Moses are undoubtedly uneasy and may lead us ask the following question : is Freud’s recognition of the Jewish law on not ‘representing’as being the driving force behind the idea against which idolatry is the absolute evil not somewhat contradictory with his own experience. If this contradiction is the expression of the cultural crosscutting of his own experience, then surely the refusal of such cultural intermingling is the true evil to be preying on our ideas.
690 _aCroyance
690 _aInterdit de représentation
690 _aMétissage culturel
690 _aSculpture
690 _aTrouble de pensée
690 _aBelief
690 _aCultural Corss- Cutting
690 _aForbidden Image
690 _aSculpture
690 _aThought disorder
786 0 _nTopique | 92 | 3 | 2005-09-01 | p. 29-44 | 0040-9375
856 4 1 _uhttps://shs.cairn.info/revue-topique-2005-3-page-29?lang=fr&redirect-ssocas=7080
999 _c2227632
_d2227632